| 000 | 00537 a2200193 4500 | ||
|---|---|---|---|
| 003 | Nust | ||
| 005 | 20170207171855.0 | ||
| 020 | _a0-395-12076-4 | ||
| 040 | _cNust | ||
| 082 | 0 | 4 | _a519.5 |
| 100 | 1 | _aHoel, Paul Gerhard, | |
| 245 | 0 | 0 |
_aIntroduction to stochastic processes (E-BOOK) _cPaul G. Hoel, Sidney C. Port, Charles J. Stone |
| 260 |
_aBoston : _bHoughton Mifflin, _c1972 |
||
| 300 | _a203 s. | ||
| 490 | 0 | _aThe Houghton Mifflin series in statistics | |
| 651 | _aE-Book | ||
| 700 | 1 | _aPort, Sidney C. | |
| 700 | 1 | _aStone, Charles J. | |
| 942 |
_2ddc _cBK |
||
| 999 |
_c219348 _d219348 |
||